[Event "Mercredi 2021.09.01 ABC"]
[Site "Montreal CAN"]
[Date "2021.09.15"]
[Round "3"]
[White "Shahabi, Shaha"]
[Black "Allaire, Denis"]
[Result "1-0"]
[WhiteElo "1554"]
[BlackElo "1635"]
[PlyCount "109"]
[EventDate "2021.09.01"]
[EventType "tourn"]
[EventRounds "5"]
[EventCountry "CAN"]

1. d4 d5 2. Nf3 Nf6 3. e3 Bf5 4. Bd3 Bxd3 5. Qxd3 c6 6. O-O g6 7. Nbd2 Bg7 8.
c4 O-O 9. b3 dxc4 10. Qxc4 Nbd7 11. Bb2 Nd5 12. b4 Rc8 13. Qb3 Re8 14. Nc4 N7b6
15. Nce5 e6 16. Rac1 Qe7 17. Nd3 Nd7 18. Rc2 N7f6 19. Rfc1 Ne4 20. b5 Rb8 21.
Ba3 Nd6 22. e4 cxb5 23. Bxd6 Qxd6 24. exd5 a6 25. Rc7 Qb6 26. dxe6 Qxe6 27.
Qxe6 Rxe6 28. Rc8+ Rxc8 29. Rxc8+ Bf8 30. Kf1 Kg7 31. Rc7 b6 32. Nde5 Re7 33.
Rc6 Rb7 34. Ke2 f6 35. Nd3 a5 36. Kd2 Kf7 37. Kc2 b4 38. Kb3 Be7 39. Ka4 Bd8
40. Kb5 Ke8 41. Nf4 g5 42. Nd5 f5 43. Ne5 a4 44. Kxb4 b5 45. Nf6+ Kf8 46. Rc8
Ke7 47. Nxh7 Bc7 48. Nxg5 Bd6+ 49. Kc3 b4+ 50. Kb2 b3 51. axb3 Rxb3+ 52. Ka2
Ra3+ 53. Kb2 Rb3+ 54. Kc2 Rb4 55. Nc6+ 1-0

[Event "Mercredi 2021.09.01 ABC"]
[Site "Montreal CAN"]
[Date "2021.09.15"]
[Round "3"]
[White "Singher, Jean-Pierre"]
[Black "Kozlov, Guennadi"]
[Result "1-0"]
[WhiteElo "2093"]
[BlackElo "1886"]
[PlyCount "55"]
[EventDate "2021.09.01"]
[EventType "tourn"]
[EventRounds "5"]
[EventCountry "CAN"]

1. Nf3 Nf6 2. d4 d5 3. c4 c6 4. Nc3 e6 5. e3 Bb4 6. a3 Ba5 7. Qc2 Nbd7 8. Bd2
O-O 9. Bd3 Bxc3 10. Bxc3 Re8 11. g4 dxc4 12. Bxc4 Nxg4 13. O-O-O g6 14. h4 h5
15. Ng5 Ndf6 16. Bd3 Kg7 17. Rhg1 Nd5 18. Bd2 Nxf2 19. Nxf7 Nxd3+ 20. Qxd3 Kxf7
21. Qxg6+ Ke7 22. e4 Kd6 23. exd5 cxd5 24. Bb4+ Kc6 25. Qc2+ Kb5 26. a4+ Ka6
27. Qd3+ Kb6 28. Ba5+ 1-0

[Event "Mercredi 2021.09.01 ABC"]
[Site "Montreal CAN"]
[Date "2021.09.22"]
[Round "4"]
[White "Adam, Rafael"]
[Black "Lima-Barbosa, Raphael"]
[Result "1-0"]
[WhiteElo "1864"]
[BlackElo "1641"]
[PlyCount "55"]
[EventDate "2021.09.01"]
[EventType "tourn"]
[EventRounds "5"]
[EventCountry "CAN"]

1. d4 Nf6 2. c4 e6 3. Nf3 b6 4. g3 Ba6 5. Qc2 d5 6. cxd5 Qxd5 7. Bg2 Nc6 8. O-O
O-O-O 9. Bf4 Bd6 10. Bxd6 Qxd6 11. Rc1 Bb7 12. a3 g5 13. e3 Rd7 14. Nxg5 Na5
15. Bxb7+ Nxb7 16. Nc3 a6 17. Qa4 a5 18. Rc2 Kb8 19. Rac1 e5 20. Nb5 Qe7 21.
Nf3 Ng4 22. dxe5 Nc5 23. Qxg4 h5 24. Qg5 Qe6 25. Qf6 Qh3 26. Qxh8+ Kb7 27. b4
Ne6 28. Qe8 1-0

[Event "Mercredi 2021.09.01 ABC"]
[Site "Montreal CAN"]
[Date "2021.09.22"]
[Round "4"]
[White "Bouchard, Jean-Marc"]
[Black "Jean, Robert"]
[Result "0-1"]
[WhiteElo "1833"]
[BlackElo "1817"]
[PlyCount "52"]
[EventDate "2021.09.01"]
[EventType "tourn"]
[EventRounds "5"]
[EventCountry "CAN"]

1. e4 c5 2. Nf3 Nc6 3. d4 cxd4 4. Nxd4 e5 5. Nb5 d6 6. c4 Be7 7. N1c3 a6 8. Na3
f5 9. Nc2 Nf6 10. exf5 Bxf5 11. Ne3 Be6 12. Ned5 Bxd5 13. Nxd5 Nxd5 14. Qxd5
Qa5+ 15. Qxa5 Nxa5 16. Bd2 Nc6 17. Bd3 O-O 18. O-O Kh8 19. a4 Nd4 20. Bc3 Nb3
21. Rad1 Rac8 22. Be4 Nc5 23. Bd5 Nxa4 24. Ba5 Nxb2 25. Rb1 Nxc4 26. Rxb7 Nxa5
0-1

[Event "Mercredi 2021.09.01 ABC"]
[Site "Montreal CAN"]
[Date "2021.09.22"]
[Round "4"]
[White "Dompierre, Remi"]
[Black "Gauthier, Luc"]
[Result "1-0"]
[WhiteElo "1652"]
[BlackElo "1702"]
[PlyCount "91"]
[EventDate "2021.09.01"]
[EventType "tourn"]
[EventRounds "5"]
[EventCountry "CAN"]

1. e4 Nf6 2. e5 Nd5 3. d4 d6 4. Nf3 Bg4 5. Be2 c6 6. c4 Nb6 7. exd6 exd6 8. Ng5
Bxe2 9. Qxe2+ Qe7 10. Be3 d5 11. c5 Nc4 12. O-O Nxe3 13. Qxe3 Qxe3 14. fxe3 f6
15. Ne6 Kd7 16. Nf4 Na6 17. Nc3 Re8 18. Rae1 Nc7 19. e4 dxe4 20. Rxe4 Rxe4 21.
Nxe4 Ne6 22. b4 Be7 23. Nc3 b6 24. Nxe6 Kxe6 25. Re1+ Kd7 26. d5 cxd5 27. Nxd5
Bd8 28. cxb6 Bxb6+ 29. Nxb6+ axb6 30. a4 Rc8 31. Kf2 Rc2+ 32. Re2 Rc4 33. Rb2
Rc3 34. a5 bxa5 35. bxa5 Kc6 36. Rb8 Ra3 37. Rg8 Rxa5 38. Rxg7 h5 39. Rg6 Rf5+
40. Kg3 Rg5+ 41. Rxg5 fxg5 42. h4 g4 43. Kf4 Kd5 44. Kg5 Ke4 45. Kxh5 Kf5 46.
g3 1-0

[Event "Mercredi 2021.09.01 ABC"]
[Site "Montreal CAN"]
[Date "2021.09.22"]
[Round "4"]
[White "Kozlov, Guennadi"]
[Black "Beaulieu, Pierre"]
[Result "1-0"]
[WhiteElo "1886"]
[BlackElo "1902"]
[PlyCount "77"]
[EventDate "2021.09.01"]
[EventType "tourn"]
[EventRounds "5"]
[EventCountry "CAN"]

1. e4 g6 2. d4 Bg7 3. Nf3 d6 4. Nc3 c6 5. Be3 b5 6. Bd3 Nf6 7. h3 Qc7 8. Qd2 h6
9. a4 bxa4 10. Rxa4 Nbd7 11. O-O Nb6 12. Raa1 Nfd7 13. Ne2 c5 14. c3 Bb7 15.
Ng3 e6 16. Rfe1 Kf8 17. Qe2 Kg8 18. Bf4 Kh7 19. e5 Bxf3 20. Qxf3 dxe5 21. dxe5
Kg8 22. Be4 Rb8 23. Qg4 h5 24. Qg5 h4 25. Ne2 Nc4 26. Bxg6 fxg6 27. Qxg6 Nf8
28. Qg4 Nxb2 29. Bh2 Nd3 30. Reb1 Nxe5 31. Qe4 Rxb1+ 32. Rxb1 Nfd7 33. Rb7 Qa5
34. Bxe5 Bxe5 35. f4 Qa1+ 36. Kh2 Rh7 37. Qg6+ Rg7 38. Qxe6+ Kh8 39. Qe8+ 1-0

[Event "Mercredi 2021.09.01 ABC"]
[Site "Montreal CAN"]
[Date "2021.09.22"]
[Round "4"]
[White "Milosz, Jerzy"]
[Black "Allaire, Denis"]
[Result "0-1"]
[WhiteElo "1595"]
[BlackElo "1635"]
[PlyCount "126"]
[EventDate "2021.09.01"]
[EventType "tourn"]
[EventRounds "5"]
[EventCountry "CAN"]

1. e4 g6 2. d4 Nf6 3. Bd3 d5 4. e5 Nh5 5. c3 c5 6. Ne2 Nc6 7. Be3 c4 8. Bc2 Bd7
9. a4 Ng7 10. Bh6 Bf5 11. Nd2 Bxc2 12. Qxc2 Nf5 13. Bxf8 Rxf8 14. O-O e6 15.
Nf3 Na5 16. Nc1 h5 17. b4 cxb3 18. Nxb3 Nc4 19. Qc1 Rc8 20. Ng5 Rh8 21. Nd2
Qxg5 22. Nf3 Qxc1 23. Rfxc1 Rc7 24. Rcb1 Kd7 25. Rb3 Rhc8 26. a5 a6 27. h3 Ne7
28. Ng5 Nd2 29. Rb2 Ne4 30. Nxf7 Rf8 31. Nd6 Nxd6 32. exd6 Kxd6 33. Rb6+ Nc6
34. Rab1 Rb8 35. Re1 Kd7 36. f3 Nd8 37. Re3 Rc4 38. Re5 Rc6 39. Rb3 Ke7 40. Re3
Rbc8 41. g4 hxg4 42. fxg4 R8c7 43. Rf3 Nf7 44. h4 e5 45. g5 e4 46. Re3 Nd6 47.
Rh3 Nf5 48. h5 gxh5 49. Rxh5 Rg6 50. Kf2 Kf7 51. Rh8 Rxg5 52. Rb6 Rg6 53. Rh7+
Rg7 54. Rh5 Ne7 55. Rhh6 Kf8 56. Rh8+ Ng8 57. Rd6 Rcf7+ 58. Ke1 Rd7 59. Rf6+
Ke7 60. Rf5 Kd6 61. Rf8 Ne7 62. Rf6+ Kc7 63. Rhh6 Ng8 0-1

[Event "Mercredi 2021.09.01 ABC"]
[Site "Montreal CAN"]
[Date "2021.09.22"]
[Round "4"]
[White "Rodrigue-Lemieux, Shawn"]
[Black "Jacquet, Stephane"]
[Result "1-0"]
[WhiteElo "2396"]
[BlackElo "2002"]
[PlyCount "91"]
[EventDate "2021.09.01"]
[EventType "tourn"]
[EventRounds "5"]
[EventCountry "CAN"]

1. c4 Nf6 2. g3 g6 3. Bg2 Bg7 4. Nc3 d6 5. e4 c5 6. Nge2 Nc6 7. O-O O-O 8. d3
a6 9. h3 Rb8 10. a4 Ne8 11. Be3 b5 12. cxb5 axb5 13. Nxb5 Nc7 14. Nxc7 Qxc7 15.
Rb1 Be6 16. b3 Na5 17. Nc1 Rfc8 18. d4 cxd4 19. Bxd4 Bxd4 20. Qxd4 Nxb3 21.
Nxb3 Bxb3 22. Rb2 Qc5 23. Qxc5 dxc5 24. Rc1 c4 25. Rc3 e5 26. Bf1 Bxa4 27. Rxc4
Rxb2 28. Rxc8+ Kg7 29. Rc5 f6 30. Rc4 Bd1 31. Rc7+ Kh6 32. Rf7 Rb6 33. Bd3 g5
34. Kg2 Kg6 35. Rd7 h6 36. Bc4 Bb3 37. Be2 Bc2 38. f3 Ba4 39. Rd2 Rc6 40. Bd3
Rd6 41. Kf2 Bb5 42. Ke3 Rxd3+ 43. Rxd3 Bxd3 44. Kxd3 f5 45. g4 fxg4 46. fxg4 {
time} 1-0

[Event "Mercredi 2021.09.01 ABC"]
[Site "Montreal CAN"]
[Date "2021.09.22"]
[Round "4"]
[White "Shahabi, Shaha"]
[Black "Varfalvy, Peter"]
[Result "0-1"]
[WhiteElo "1554"]
[BlackElo "1551"]
[PlyCount "122"]
[EventDate "2021.09.01"]
[EventType "tourn"]
[EventRounds "5"]
[EventCountry "CAN"]

1. d4 Nf6 2. Nf3 g6 3. e3 Bg7 4. Bd3 c5 5. c3 cxd4 6. cxd4 O-O 7. O-O d5 8. Nc3
Nc6 9. Bd2 Bg4 10. Be2 e6 11. Rc1 Rc8 12. h3 Bxf3 13. Bxf3 Re8 14. a3 e5 15.
dxe5 Nxe5 16. Nb5 Rxc1 17. Bxc1 Nxf3+ 18. Qxf3 a6 19. Nd4 Ne4 20. Qd1 Qb6 21.
b4 Bxd4 22. exd4 Kg7 23. Be3 Qc6 24. Qc1 Qxc1 25. Rxc1 Re7 26. Rc8 Rd7 27. Kf1
Nd6 28. Rc2 Nc4 29. a4 a5 30. bxa5 Nxa5 31. Ke2 Kf6 32. Kd3 Ke6 33. Bd2 Nc4 34.
a5 Rd6 35. Bb4 Rd7 36. Re2+ Kf6 37. Ra2 h5 38. a6 bxa6 39. Rxa6+ Kg7 40. Ra2 g5
41. Rc2 Kf6 42. Re2 Rb7 43. Kc3 Rb6 44. Kb3 Ra6 45. Bc5 Ra1 46. Kb4 Rb1+ 47.
Ka4 Rb2 48. Be7+ Kf5 49. Rxb2 Nxb2+ 50. Kb5 g4 51. hxg4+ hxg4 52. Kc5 Ke6 53.
Bh4 Nd3+ 54. Kc6 Nf4 55. g3 Nd3 56. Kb5 Nxf2 57. Kb4 Kf5 58. Kc3 Ke4 59. Bf6
Nd1+ 60. Kd2 Ne3 61. Be5 Nc4+ 0-1

[Event "Mercredi 2021.09.01 ABC"]
[Site "Montreal CAN"]
[Date "2021.09.22"]
[Round "4"]
[White "Singher, Jean-Pierre"]
[Black "Kapush, Oleksandr"]
[Result "1/2-1/2"]
[WhiteElo "2093"]
[BlackElo "2008"]
[PlyCount "64"]
[EventDate "2021.09.01"]
[EventType "tourn"]
[EventRounds "5"]
[EventCountry "CAN"]

1. Nf3 Nf6 2. c4 g6 3. Nc3 c5 4. g3 Bg7 5. Bg2 Nc6 6. O-O O-O 7. d3 d6 8. a3
Qd7 9. e4 b6 10. h3 Bb7 11. Be3 e6 12. d4 Na5 13. e5 Ne4 14. Qc2 Nxc3 15. Qxc3
cxd4 16. Bxd4 Rac8 17. b3 Bxf3 18. Bxf3 dxe5 19. Bxe5 Bxe5 20. Qxe5 Nxb3 21.
Rad1 Qc7 22. Qf6 Qxc4 23. Bb7 Qc3 24. Qf4 Qc7 25. Bxc8 Qxf4 26. gxf4 Rxc8 27.
Rd7 a5 28. Rb7 Rc6 29. Rd1 Nc5 30. Rb8+ Kg7 31. Rd4 Kf6 32. Kg2 e5 1/2-1/2

[Event "Mercredi 2021.09.01 ABC"]
[Site "Montreal CAN"]
[Date "2021.09.29"]
[Round "5"]
[White "Allaire, Denis"]
[Black "Shahabi, Shaha"]
[Result "1-0"]
[WhiteElo "1635"]
[BlackElo "1554"]
[PlyCount "93"]
[EventDate "2021.09.01"]
[EventType "tourn"]
[EventRounds "5"]
[EventCountry "CAN"]

1. e4 c5 2. c3 Nc6 3. d4 cxd4 4. cxd4 e6 5. Nf3 Bb4+ 6. Nc3 Nf6 7. Bd3 Qb6 8.
Be3 Ng4 9. O-O Nxe3 10. fxe3 Bxc3 11. bxc3 h6 12. Nd2 d5 13. Qf3 O-O 14. exd5
exd5 15. Qxd5 Qa5 16. Qe4 f5 17. Bc4+ Kh8 18. Qd3 Bd7 19. Nb3 Qc7 20. Nc5 b6
21. Ne6 Bxe6 22. Bxe6 Ne7 23. Rac1 Rae8 24. c4 Rf6 25. d5 Qd6 26. Qc2 Qc5 27.
Qc3 Ref8 28. Kh1 f4 29. e4 Qe3 30. e5 Qxc3 31. Rxc3 Rg6 32. Rcf3 Rg5 33. g3
Rxe5 34. Rxf4 Rxf4 35. Rxf4 Re1+ 36. Kg2 Re2+ 37. Rf2 Rxf2+ 38. Kxf2 g5 39. Ke3
Kg7 40. Kd4 Kf6 41. Bd7 h5 42. h3 Nf5+ 43. Bxf5 Kxf5 44. c5 bxc5+ 45. Kxc5 g4
46. h4 Kf6 47. Kc6 1-0

[Event "Mercredi 2021.09.01 ABC"]
[Site "Montreal CAN"]
[Date "2021.09.29"]
[Round "5"]
[White "Beaulieu, Pierre"]
[Black "Rodrigue-Lemieux, Shawn"]
[Result "0-1"]
[WhiteElo "1902"]
[BlackElo "2396"]
[PlyCount "68"]
[EventDate "2021.09.01"]
[EventType "tourn"]
[EventRounds "5"]
[EventCountry "CAN"]

1. Nf3 d5 2. e3 c5 3. b3 Nc6 4. Bb2 Bf5 5. Bb5 Qb6 6. Nc3 e6 7. d4 cxd4 8. Qxd4
Qc7 9. Bxc6+ bxc6 10. O-O Nf6 11. h3 Bd6 12. Na4 O-O 13. c4 Rfc8 14. c5 Bf8 15.
g4 Be4 16. Ne5 Nd7 17. Nxd7 Qxd7 18. f3 Bg6 19. e4 Rab8 20. Kg2 Qb7 21. Qe3
dxe4 22. fxe4 Qa6 23. Bc3 Rd8 24. Rfd1 Be7 25. Kf3 h6 26. Be5 Bg5 27. Bf4 Rb4
28. Nc3 Bf6 29. e5 Rxd1 30. Rxd1 Be7 31. Kg3 Qa5 32. Rd6 Rxf4 33. Qxf4 Qxc3+
34. Qf3 Qxe5+ 0-1

[Event "Mercredi 2021.09.01 ABC"]
[Site "Montreal CAN"]
[Date "2021.09.29"]
[Round "5"]
[White "Gauthier, Luc"]
[Black "Adam, Rafael"]
[Result "0-1"]
[WhiteElo "1702"]
[BlackElo "1864"]
[PlyCount "132"]
[EventDate "2021.09.01"]
[EventType "tourn"]
[EventRounds "5"]
[EventCountry "CAN"]

1. e4 e5 2. Nf3 Nc6 3. c3 Nf6 4. d4 exd4 5. e5 Nd5 6. cxd4 Be7 7. Nc3 Nxc3 8.
bxc3 d6 9. Bf4 dxe5 10. Nxe5 Nxe5 11. Bxe5 O-O 12. Bd3 Bd6 13. Bxd6 Qxd6 14.
O-O Rd8 15. Re1 Be6 16. Qc2 g6 17. Rab1 b6 18. Be4 c6 19. Qa4 Bd5 20. Bxd5 cxd5
21. Qb4 Kf8 22. Re5 Qxb4 23. cxb4 Rac8 24. g3 Rc4 25. Rbe1 Rd7 26. Re8+ Kg7 27.
R8e7 Rxe7 28. Rxe7 Rxb4 29. Rxa7 Rxd4 30. Rb7 Rb4 31. Kf1 Rb1+ 32. Ke2 Rb2+ 33.
Kf3 h5 34. h4 Kf6 35. a4 Rb4 36. Ra7 Ke5 37. Rxf7 Rxa4 38. Re7+ Kf5 39. Rd7 Ra5
40. Rd6 Rb5 41. Ke3 Ke5 42. Rxg6 d4+ 43. Kd3 Rb3+ 44. Kd2 Ke4 45. Re6+ Kf3 46.
Rf6+ Ke4 47. Re6+ Kf5 48. Rd6 Ke5 49. Rh6 Rb2+ 50. Kd3 Rb3+ 51. Kd2 Ke4 52.
Re6+ Kf3 53. Rf6+ Kg2 54. Rf4 Rf3 55. Rxd4 Rxf2+ 56. Kc3 Kxg3 57. Rb4 Rf4 58.
Rxb6 Kxh4 59. Kd3 Kg3 60. Rh6 h4 61. Ke3 Rg4 62. Rf6 h3 63. Rf3+ Kg2 64. Rf2+
Kg1 65. Ke2 Re4+ 66. Kf3 Rf4+ 0-1

[Event "Mercredi 2021.09.01 ABC"]
[Site "Montreal CAN"]
[Date "2021.09.29"]
[Round "5"]
[White "Jacquet, Stephane"]
[Black "Singher, Jean-Pierre"]
[Result "1/2-1/2"]
[WhiteElo "2002"]
[BlackElo "2093"]
[PlyCount "82"]
[EventDate "2021.09.01"]
[EventType "tourn"]
[EventRounds "5"]
[EventCountry "CAN"]

1. d4 Nf6 2. c4 e6 3. Nf3 d5 4. Nc3 Be7 5. cxd5 exd5 6. Qc2 O-O 7. Bg5 Nbd7 8.
e3 Re8 9. Bd3 c6 10. O-O a5 11. a3 Nf8 12. Rab1 Ng6 13. b4 axb4 14. axb4 Bd6
15. b5 h6 16. bxc6 bxc6 17. Bxf6 Qxf6 18. e4 Nh4 19. Nxh4 Qxh4 20. e5 Bf8 21.
f4 Be6 22. Ne2 Rec8 23. f5 Bd7 24. f6 c5 25. Bh7+ Kh8 26. fxg7+ Bxg7 27. Rxf7
Be8 28. Rf4 Qg5 29. Rbf1 Bh5 30. Ng3 cxd4 31. Qf5 Bxe5 32. Nxh5 Bxf4 33. Nxf4
Qxf5 34. Bxf5 Rc5 35. Rd1 Ra4 36. h4 Rca5 37. Kh2 Kg7 38. h5 Kf6 39. Bg6 Kg5
40. Nd3 Ra1 41. Rd2 R1a2 1/2-1/2

[Event "Mercredi 2021.09.01 ABC"]
[Site "Montreal CAN"]
[Date "2021.09.29"]
[Round "5"]
[White "Jean, Robert"]
[Black "Dompierre, Remi"]
[Result "1/2-1/2"]
[WhiteElo "1817"]
[BlackElo "1652"]
[PlyCount "66"]
[EventDate "2021.09.01"]
[EventType "tourn"]
[EventRounds "5"]
[EventCountry "CAN"]

1. d4 d5 2. c4 e6 3. Nc3 Be7 4. Bf4 Nf6 5. e3 O-O 6. h3 Nbd7 7. Nf3 c5 8. cxd5
Nxd5 9. Nxd5 exd5 10. Bd3 c4 11. Bc2 Qa5+ 12. Kf1 b5 13. g4 Bb7 14. Kg2 Nf6 15.
Ne5 Qd8 16. g5 Nd7 17. h4 Nxe5 18. Bxe5 Bd6 19. Bg3 Bxg3 20. Kxg3 f5 21. gxf6
Rxf6 22. Qh5 Rh6 23. Qe5 Qd6 24. Qxd6 Rxd6 25. Rag1 Re8 26. Kf3 a5 27. Rg5 Rf6+
28. Ke2 Ref8 29. f4 h6 30. Rg3 Re8 31. Kd2 b4 32. Rhg1 Re7 33. Rg6 Ref7 1/2-1/2

[Event "Mercredi 2021.09.01 ABC"]
[Site "Montreal CAN"]
[Date "2021.09.29"]
[Round "5"]
[White "Kapush, Oleksandr"]
[Black "Kozlov, Guennadi"]
[Result "1-0"]
[WhiteElo "2008"]
[BlackElo "1886"]
[PlyCount "61"]
[EventDate "2021.09.01"]
[EventType "tourn"]
[EventRounds "5"]
[EventCountry "CAN"]

1. e4 e6 2. d4 d5 3. e5 c5 4. c3 Nc6 5. Nf3 Qb6 6. a3 c4 7. Nbd2 Na5 8. g3 Bd7
9. Bg2 Nh6 10. O-O Be7 11. Re1 O-O 12. Rb1 Qc7 13. Nf1 Kh8 14. Bxh6 gxh6 15.
Qd2 Rg8 16. Qxh6 Rg6 17. Qe3 Rag8 18. h3 Kg7 19. N3h2 Bg5 20. f4 Bd8 21. Qf2
Kf8 22. g4 Nc6 23. Ne3 Ne7 24. Nhf1 f5 25. Ng3 fxg4 26. hxg4 Ke8 27. Nh5 Rf8
28. f5 exf5 29. Nf6+ Kf7 30. gxf5 Rxf6 31. exf6 1-0

[Event "Mercredi 2021.09.01 ABC"]
[Site "Montreal CAN"]
[Date "2021.09.29"]
[Round "5"]
[White "Lima-Barbosa, Raphael"]
[Black "Bouchard, Jean-Marc"]
[Result "1-0"]
[WhiteElo "1641"]
[BlackElo "1833"]
[PlyCount "37"]
[EventDate "2021.09.01"]
[EventType "tourn"]
[EventRounds "5"]
[EventCountry "CAN"]

1. d4 Nf6 2. c4 g6 3. Nc3 d5 4. cxd5 Nxd5 5. e4 Nb6 6. Nf3 Bg7 7. Be3 O-O 8. h3
c6 9. Rc1 N8d7 10. Be2 Nf6 11. O-O h6 12. Qd2 Kh7 13. Rfd1 Be6 14. b3 a5 15.
Qc2 Nh5 16. e5 Qd7 17. Nh4 f5 18. exf6 Nxf6 19. Qxg6+ 1-0

[Event "Mercredi 2021.09.01 ABC"]
[Site "Montreal CAN"]
[Date "2021.09.29"]
[Round "5"]
[White "Varfalvy, Peter"]
[Black "Milosz, Jerzy"]
[Result "1/2-1/2"]
[WhiteElo "1551"]
[BlackElo "1595"]
[PlyCount "110"]
[EventDate "2021.09.01"]
[EventType "tourn"]
[EventRounds "5"]
[EventCountry "CAN"]

1. Nf3 Nf6 2. d4 e6 3. Bg5 Be7 4. e3 h6 5. Bxf6 Bxf6 6. c3 a6 7. Nbd2 d6 8. Qb3
Nd7 9. Be2 Be7 10. Rc1 Nf6 11. Bd3 O-O 12. Ne4 Nxe4 13. Bxe4 d5 14. Bd3 b5 15.
a4 c6 16. Ne5 Bd7 17. axb5 axb5 18. Bb1 Bd6 19. Qc2 f5 20. f4 Bxe5 21. dxe5
Qh4+ 22. Qf2 Qxf2+ 23. Kxf2 Ra1 24. Bd3 Ra2 25. Rc2 Rfa8 26. Rhc1 Kf7 27. b4
Rxc2+ 28. Rxc2 Ra3 29. Be2 g6 30. g4 Kg7 31. h4 fxg4 32. Bxg4 h5 33. Bh3 Kf7
34. Ke2 Ke7 35. Kd3 Ra1 36. Bg2 Rd1+ 37. Rd2 Rxd2+ 38. Kxd2 Be8 39. Bh3 Bf7 40.
Kd3 Kd7 41. Kd4 Bg8 42. Bg2 Bf7 43. Bf3 Kc7 44. e4 Kb6 45. exd5 cxd5 46. Be2
Kc6 47. Ke3 Be8 48. Bf3 Bf7 49. f5 exf5 50. Kf4 Kd7 51. Be2 Kc6 52. Kg5 d4 53.
Bf3+ Bd5 54. Bxd5+ Kxd5 55. cxd4 Ke6 1/2-1/2

[Event "Mercredi 2021.10.06 ABCD"]
[Site "Montreal CAN"]
[Date "2021.10.06"]
[Round "1"]
[White "Barko, Maxim"]
[Black "Millette, Sylvain"]
[Result "1/2-1/2"]
[WhiteElo "1879"]
[BlackElo "1706"]
[PlyCount "66"]
[EventDate "2021.10.06"]
[EventType "tourn"]
[EventRounds "5"]
[EventCountry "CAN"]

1. e4 Nf6 2. e5 Nd5 3. d4 d6 4. Nf3 Bg4 5. Be2 Nc6 6. exd6 exd6 7. O-O Be7 8.
h3 Bf5 9. a3 O-O 10. c4 Nb6 11. Nc3 Bf6 12. Be3 Re8 13. Qd2 a5 14. d5 Ne5 15.
Nxe5 Bxe5 16. f4 Bxc3 17. Qxc3 Qe7 18. Rf3 Na4 19. Qd4 Qe4 20. Re1 Qxd4 21.
Bxd4 Re4 22. Be3 Nxb2 23. g4 Bd7 24. Rc1 Rae8 25. Kf2 b6 26. Rc2 Na4 27. Bd3
R4e7 28. f5 f6 29. Bf1 Nc5 30. Bd4 Ne4+ 31. Kg2 Ng5 32. Rff2 Ba4 33. Rb2 Nf7
1/2-1/2

[Event "Mercredi 2021.10.06 ABCD"]
[Site "Montreal CAN"]
[Date "2021.10.06"]
[Round "1"]
[White "Beaudry, Marc-Andre"]
[Black "Singher, Jean-Pierre"]
[Result "1/2-1/2"]
[WhiteElo "2052"]
[BlackElo "2097"]
[PlyCount "41"]
[EventDate "2021.10.06"]
[EventType "tourn"]
[EventRounds "5"]
[EventCountry "CAN"]

1. d4 Nf6 2. c4 e6 3. Nf3 d5 4. g3 c6 5. Bg2 Bd6 6. Nc3 Nbd7 7. O-O O-O 8. e4
Nxe4 9. Nxe4 dxe4 10. Ng5 Nf6 11. Nxe4 Nxe4 12. Bxe4 f5 13. Bg2 e5 14. Qb3 Qb6
15. d5 c5 16. f4 e4 17. Bd2 Bd7 18. Qc2 h5 19. Rab1 a5 20. Be3 g6 21. h3
1/2-1/2

[Event "Mercredi 2021.10.06 ABCD"]
[Site "Montreal CAN"]
[Date "2021.10.06"]
[Round "1"]
[White "Beaulieu, Pierre"]
[Black "Abderaouf, Sekki"]
[Result "1-0"]
[WhiteElo "1870"]
[BlackElo "1842"]
[PlyCount "57"]
[EventDate "2021.10.06"]
[EventType "tourn"]
[EventRounds "5"]
[EventCountry "CAN"]

1. g3 d6 2. Bg2 e5 3. d4 Be7 4. c3 f5 5. Na3 e4 6. Qb3 d5 7. Bf4 c6 8. Bxb8
Rxb8 9. e3 Nf6 10. Ne2 Be6 11. Nf4 Bf7 12. Bf1 b5 13. Nc2 a5 14. a4 b4 15. c4
O-O 16. Rd1 g5 17. Ng2 Bh5 18. Be2 Bf3 19. Rg1 Qe8 20. Rd2 Kh8 21. Kf1 Qh5 22.
h4 Ng4 23. Rh1 f4 24. exf4 Bxg2+ 25. Kxg2 gxf4 26. f3 exf3+ 27. Bxf3 fxg3 28.
cxd5 cxd5 29. Qxd5 {time} 1-0

[Event "Mercredi 2021.10.06 ABCD"]
[Site "Montreal CAN"]
[Date "2021.10.06"]
[Round "1"]
[White "Boudreau, Daniel"]
[Black "Guipi Bopala, Prince Eric jr"]
[Result "0-1"]
[WhiteElo "2000"]
[BlackElo "1932"]
[PlyCount "78"]
[EventDate "2021.10.06"]
[EventType "tourn"]
[EventRounds "5"]
[EventCountry "CAN"]

1. e4 c6 2. d4 d5 3. exd5 cxd5 4. c4 Nf6 5. Nc3 Nc6 6. Nf3 Bg4 7. cxd5 Nxd5 8.
Qb3 Bxf3 9. gxf3 e6 10. Nxd5 exd5 11. Bb5 Bd6 12. Be3 Rc8 13. a3 O-O 14. Kf1
Bb8 15. Rd1 Qd7 16. h4 Qf5 17. Be2 Na5 18. Qd3 Qxd3 19. Bxd3 Nc4 20. Bc1 h6 21.
Rg1 Kh8 22. b3 Na5 23. b4 Nc4 24. Rg4 Bd6 25. f4 a5 26. f5 f6 27. Bxc4 Rxc4 28.
bxa5 Ra8 29. Bd2 Bxa3 30. Rb1 Ra7 31. Rg3 Bd6 32. Rgb3 Rc7 33. Rb5 Rc2 34. Ke1
Rc4 35. Rxd5 Bc7 36. Rd7 Bxa5 37. Bxa5 Rxa5 38. Rbxb7 Rc2 39. Rb1 Rxf5 {time}
0-1

[Event "Mercredi 2021.10.06 ABCD"]
[Site "Montreal CAN"]
[Date "2021.10.06"]
[Round "1"]
[White "Cardin, Guillaume"]
[Black "Gadbois, Patrick"]
[Result "1/2-1/2"]
[WhiteElo "2037"]
[BlackElo "1901"]
[PlyCount "117"]
[EventDate "2021.10.06"]
[EventType "tourn"]
[EventRounds "5"]
[EventCountry "CAN"]

1. e4 e6 2. d4 d5 3. Nd2 Nf6 4. e5 Nfd7 5. Bd3 c5 6. c3 Nc6 7. Ne2 cxd4 8. cxd4
Qb6 9. Nf3 f6 10. exf6 Bb4+ 11. Kf1 Nxf6 12. g3 O-O 13. Kg2 e5 14. Bc2 e4 15.
Ng5 h6 16. h4 hxg5 17. hxg5 Ng4 18. Be3 Ne7 19. Nf4 Bd6 20. Rh4 Nxe3+ 21. fxe3
Bxf4 22. gxf4 Nf5 23. Rh3 Qg6 24. Qh1 Bd7 25. Kf2 Kf7 26. Bb3 Be6 27. Bd1 Ke7
28. Bh5 Qh7 29. Bf7 Ng3 30. Rxh7 Nxh1+ 31. Raxh1 Kxf7 32. Ke2 Bf5 33. R7h2 Rac8
34. Kd2 Rc6 35. Rc1 Rxc1 36. Kxc1 Rc8+ 37. Kd2 b5 38. Rh1 a5 39. Rh2 b4 40. Rh4
a4 41. Rh1 b3 42. axb3 axb3 43. Rc1 Rxc1 44. Kxc1 Bd7 45. Kd2 Bb5 46. Kc3 Bc4
47. Kb4 Ke6 48. Kc5 g6 49. Kc6 Ke7 50. Kc7 Ke6 51. Kc6 Be2 52. Kc5 Bf1 53. Kc6
Bc4 54. Kc7 Bb5 55. Kb6 Bd3 56. Kc5 Bc2 57. Kc6 Bd3 58. Kc5 Bc4 59. Kc6 1/2-1/2

[Event "Mercredi 2021.10.06 ABCD"]
[Site "Montreal CAN"]
[Date "2021.10.06"]
[Round "1"]
[White "Dompierre, Remi"]
[Black "Allaire, Denis"]
[Result "1-0"]
[WhiteElo "1684"]
[BlackElo "1637"]
[PlyCount "57"]
[EventDate "2021.10.06"]
[EventType "tourn"]
[EventRounds "5"]
[EventCountry "CAN"]

1. e4 g6 2. d4 Nf6 3. Bd3 d5 4. e5 Nfd7 5. Nf3 c5 6. c3 Bg7 7. Be3 Nc6 8. Qd2
O-O 9. Bh6 cxd4 10. cxd4 f6 11. Bxg7 Kxg7 12. exf6+ Nxf6 13. O-O Bg4 14. Ne5
Nxd4 15. Nxg4 Nxg4 16. Bxg6 Qd6 17. Qxd4+ e5 18. Qxg4 hxg6 19. Nc3 Rf4 20. Qe2
Raf8 21. Rad1 d4 22. Ne4 Qe7 23. Ng3 Qf6 24. f3 Re8 25. Rfe1 Qb6 26. Kh1 Rh4
27. Rd3 Kf7 28. Ne4 Rh5 29. Rb3 1-0

[Event "Mercredi 2021.10.06 ABCD"]
[Site "Montreal CAN"]
[Date "2021.10.06"]
[Round "1"]
[White "Gauthier, Luc"]
[Black "Chapdelaine, Gwyn"]
[Result "0-1"]
[WhiteElo "1668"]
[BlackElo "1640"]
[PlyCount "28"]
[EventDate "2021.10.06"]
[EventType "tourn"]
[EventRounds "5"]
[EventCountry "CAN"]

1. e4 e5 2. Nf3 Nc6 3. c3 d6 4. d4 Bg4 5. Bc4 Nf6 6. Qb3 Qd7 7. Bxf7+ Kd8 8.
Bc4 Bxf3 9. gxf3 exd4 10. Bg5 Ne5 11. Bxf6+ gxf6 12. Be6 Qc6 13. Bd5 Qa6 14.
Qxb7 Nxf3+ 0-1